Random Cities in their Native Language - Statistics

General Stats
  • This quiz has been taken 30 times
  • The average score is 15 of 20
Answer Stats
Hint Answer % Correct
Москва Moscow
100%
Warszawa Warsaw
100%
København Copenhagen
96%
Hà Nội Hanoi
96%
München Munich
96%
Praha Prague
96%
東京 Tokyo
88%
北京市 Beijing
84%
Baile Átha Cliath Dublin
84%
Köln Cologne
80%
Київ Kiev
80%
Glaschu Glasgow
72%
กรุงเทพมหานคร Bangkok
68%
Caerdydd Cardiff
68%
서울시 Seoul
68%
Αθήνα Athens
64%
Улаанбаатар Ulaanbaatar
56%
Dùn Èideann Edinburgh
44%
תֵּל־אָבִיב-יָפוֹ Tel Aviv
40%
Санкт-Петербург Saint Petersburg
36%
No matching quizzes found
Score Distribution
Percent of People with Each Score
Percentile by Number Answered
Your Score History
You have not taken this quiz